000 00283nam a22001217a 4500
008 180517b xxu||||| |||| 00| 0 eng d
041 _aeng
080 _a043.3
100 _a0
101 _aSHKI-MA
245 _aAnaliza dhe Krahasimet ne Ipv4 dhe IPV6
_cKlaiqi, S
942 _2udc
_cBK
999 _c45879
_d45879